MARC

LEADER 00000nam0a2200000 4500
001 72837
005 20231101212653.0
035 |a (RuTPU)RU\TPU\book\77671 
090 |a 72837 
100 |a 20050201d1969 m y0rusy50 ca 
101 0 |a rus 
102 |a RU 
105 |a a j 001zy 
200 1 |a Введение в инженерные расчеты реакторов с неподвижным слоем катализатора  |e учебное пособие  |f В. В. Кафаров, Г. В. Михайлов  |g Московский химико-технологический институт им. Д. И. Менделеева 
210 |a Москва  |c Изд-во МХТИ  |d 1969 
215 |a 158 с.  |c ил.  |e черт. 
320 |a Библиография в конце глав. 
610 1 |a реакционные установки 
610 1 |a термодинамика 
610 1 |a химическое равновесие 
610 1 |a контрольно-каталитические реакции 
610 1 |a кинетика 
610 1 |a катализ гетерогенный 
610 1 |a инженерные расчеты 
610 1 |a учебные пособия 
675 |a 621.384.12(075.8)  |v 3 
700 1 |a Кафаров  |b В. В.  |g Виктор Вячеславович 
701 1 |a Михайлов  |b Г. В. 
712 0 2 |a Московский химико-технологический институт им. Д. И. Менделеева  |2 stltpush  |3 (RuTPU)RU\TPU\col\1701  |9 23590 
801 1 |a RU  |b 63413507  |c 20050201  |g PSBO 
801 2 |a RU  |b 63413507  |c 20160823  |g PSBO 
942 |c BK